| 000 | 00452nam a22001817a 4500 | ||
|---|---|---|---|
| 003 | OSt | ||
| 005 | 20180116183050.0 | ||
| 008 | 160812b xxu||||| |||| 00| 0 eng d | ||
| 020 | _a0 | ||
| 040 | _c0 | ||
| 082 | _a954 SPA 1954 | ||
| 100 | _aSpate , O.H.K. | ||
| 245 |
_aIndia and Pakistan : _bLand, people and Economy _cO.H.K.Spate |
||
| 260 |
_aIslamabad _bNBF _c1954 |
||
| 300 |
_a439 p. _bPB |
||
| 440 | _aIndia and Pakistan : | ||
| 942 |
_2ddc _cBK |
||
| 999 |
_c351608 _d351608 |
||